Countries with the Most Wild Camels - Statistics

General Stats
  • This quiz has been taken 678 times
  • The average score is 16 of 20
Answer Stats
Population Country % Correct
256,000 Saudi Arabia
92%
3,503,000 Sudan
88%
146,000 Iran
87%
232,000 Algeria
85%
632,000 India
84%
562,916 Yemen
84%
730,000 Chad
82%
264,000 China
82%
751,000 Pakistan
82%
2,286,000 Ethiopia
80%
1,525,500 Niger
80%
350,000 Mali
78%
7,200,000 Somalia
78%
181,000 Afghanistan
77%
249,975 Tunisia
74%
1,511,000 Mauritania
73%
258,684 United Arab Emirates
70%
895,100 Kenya
65%
253,000 Mongolia
64%
160,000 Australia
62%
No matching quizzes found
Score Distribution
Percent of People with Each Score
Percentile by Number Answered
Your Score History
You have not taken this quiz